| 000 | 00532nam a22001817a 4500 | ||
|---|---|---|---|
| 999 |
_c188331 _d188331 |
||
| 005 | 20220519094836.0 | ||
| 010 | _aENG-132679 | ||
| 020 |
_a9789350578674 _c295.00 |
||
| 035 | _aEN-116211 | ||
| 037 | _bDBAD/PUB | ||
| 082 | _a158.1 | ||
| 100 | _aAlankrita | ||
| 245 |
_aJourney Towards Greatness/ _cAlankrita |
||
| 260 |
_aNew Delhi _bV & S Publishers _c2017 |
||
| 270 |
_aF-2/16, Ansari Road, Daryaganj _bNew Delhi _minfo@vspublishers.com _e110002 |
||
| 300 |
_a93p. _c22cm(pbk) |
||
| 942 |
_2ddc _cEN _h158.1 _mALA |
||